00862nam a2200145Ia 4500008004100000020001800041082002000059245018200079260011900261300001000380500002700390650017300417952010900590999001700699120622s9999 xx 000 0 und d a970-701-247-1 a338.917204 M611 aMéxico - Unión Europea : acuerdo de asociación económica, concertación política y cooperación ; sus aspectos fundamentales / Alicia Lebrija, Stephan Sberro, coord. aMéxico : Instituto Tecnológico Autónomo de México ; Porrúa ; Instituto de Estudios de la Unión Europea a231 p aIncluye bibliografía a1. MÉXICO - RELACIONES ECONÓMICAS EXTERIORES - PAÍSES DE LA UNIÓN EUROPEA \ 2. MÉXICO - RELACIONES ECONÓMICAS EXTERIORES - PAÍSES DE LA UNIÓN EUROPEAÌ 00104070a01b01d2009-03-21l4o338.917204 M611p01 004908r2019-07-08s2019-07-08t1w2012-06-24yLB c60777d60777